Easy General Knowledge - Multiple Choice - Statistics

General Stats
  • This quiz has been taken 63 times
  • The average score is 8 of 10
Answer Stats
Question Answer % Correct
What was Achilles' weakness? His heel
97%
Who became, in late 2024, the first person in history to surpass a net worth of $400 billion? Elon Musk
93%
What was the city of Istanbul formerly known as? Constantinople
87%
Where would you find the Yellow River? China
85%
The four "capitals" of international fashion are Paris, London, New York, and what? Milan
83%
What were the names of the Wright Brothers? Wilbur and Orville
83%
Which of these is an antibiotic? Amoxicillin
82%
In the X-men universe, what is Magneto's superpower? Controlling magnetic fields
82%
Which of these items would a bride traditionally wear at a wedding? Something blue
73%
What country's capital starts with the letter U? Mongolia
72%
No matching quizzes found
Score Distribution
Percent of People with Each Score
Percentile by Number Answered
Your Score History
You have not taken this quiz